Fr. Conceicao Rodrigues College of Engineering

Information storage and retrieval (Record no. 23970)

MARC details
000 -LEADER
fixed length control field 00417nam a2200169Ia 4500
082 ## - DEWEY DECIMAL CLASSIFICATION NUMBER
Classification number 658.4038
Item number KOR
100 ## - MAIN ENTRY--PERSONAL NAME
Personal name Korfhage/Robert R
245 ## - TITLE STATEMENT
Title Information storage and retrieval
260 ## - PUBLICATION, DISTRIBUTION, ETC.
Name of publisher, distributor, etc. Wiley India
Date of publication, distribution, etc. 1997
366 ## - TRADE AVAILABILITY INFORMATION
Publishers's discount category 27
300 ## - PHYSICAL DESCRIPTION
Extent 349
546 ## - LANGUAGE NOTE
Language note ENGLISH
-- electronics
650 ## - SUBJECT ADDED ENTRY--TOPICAL TERM
Topical term or geographic name entry element information storage and retrieval
654 ## - SUBJECT ADDED ENTRY--FACETED TOPICAL TERMS
Focus term information storage and retrieval
942 ## - ADDED ENTRY ELEMENTS (KOHA)
Koha item type BOOK
Holdings
Withdrawn status Lost status Damaged status Not for loan Collection Home library Current library Date acquired Source of acquisition Cost, normal purchase price Inventory number Total Checkouts Full call number Barcode Date last seen Date last checked out Cost, replacement price Price effective from Koha item type
        CRC Fr. Agnel's C.Rodrigues College of Engineering AGNEL TECHNICAL COLLEGE LIBRARY 17/03/2023 Allied Publishers 364.27 1037 dt 03.11.2015 1 658.4038 KOR 23862 01/01/2025 28/06/2024 499.00   BOOK
        CRC Fr. Agnel's C.Rodrigues College of Engineering Fr. Agnel's C.Rodrigues College of Engineering 17/03/2023 Allied Publishers 364.27 1037 dt 03.11.2015 1 658.4038 KOR 23863 27/04/2026 11/09/2025 499.00   BOOK